Municipios de Las Palmas - Estadísticas

Estadísticas generales
  • Esta prueba ha sido intentada 5 veces
  • La puntuación promedio es 21 de 34
Estadísticas de respuestas
Municipio % Correcto
Agaete
100%
Arucas
100%
Gáldar
100%
Las Palmas de Gran Canaria
100%
Mogán
100%
San Bartolomé
100%
Telde
100%
Agüimes
80%
Artenara
80%
Ingenio
80%
La Aldea de San Nicolás
80%
Santa Brígida
80%
Santa Lucía de Tirajana
80%
Tejeda
80%
Arrecife
60%
Betancuria
60%
Pájara
60%
Puerto del Rosario
60%
Teror
60%
Antigua
40%
Firgas
40%
Haría
40%
La Oliva
40%
Moya
40%
Teguise
40%
Tías
40%
Tinajo
40%
Valleseco
40%
Vega de San Mateo
40%
Yaiza
40%
San Bartolomé de Tirajana
20%
Santa María de Guía de Gran Canaria
20%
Tuineje
20%
Valsequillo de Gran Canaria
20%
No se encontraron pruebas coincidentes
Distribución de puntuación
Porcentaje de gente con cada puntuación
Porcentaje por número respondido
Historial de tus puntuaciones
No has intentado esta prueba.